Cartografía macroeconómica : enero-febrero 2006.

محفوظ في:
التفاصيل البيبلوغرافية
المؤلف الرئيسي: Giorgana Peralta, Eduardo (autor)
التنسيق: كتاب
اللغة:الإسبانية
الموضوعات:
الوسوم: إضافة وسم
لا توجد وسوم, كن أول من يضع وسما على هذه التسجيلة!

MARC

LEADER 00000nam^a2200000^u^4500
001 000497671
005 20250521000000.0
008 070419s1000^^^^^^^^^^^^r^^^^^000^0^spa^d
009 20260526150946.871
035 |a FCE 000041468 
037 |a Acervo ITESO - Biblioteca 
041 |a spa 
082 0 4 |a 339.972  |b GIOc 1 
100 |a Giorgana Peralta, Eduardo  |e (autor) 
245 1 0 |a Cartografía macroeconómica :  |b enero-febrero 2006. 
264 |a México :  |b Fundación para la Cultura del Maestro,  |c 2006. 
300 |a 53 p. ;  |b cuad., gráf. 
336 |a texto  |b txt  |2 rdacontenido 
337 |a sin mediación  |b n  |2 rdamedio 
338 |a volumen  |b nc  |2 rdasoporte 
649 |a XX 
650 |a Estadísticas 
650 |a Economía 
650 |a Educación 
650 |a Indicadores económicos 
650 |a México 
910 |a Fondo Centro de Estudios Educativos 
920 |a Impresos - Libros 
930 |a Fondos Especiales 
905 |a 133 
901 |a ALE048432  |b IT2  |c CEE  |u 20250521 
901 |a ALE048433  |b IT2  |c CEE  |u 20250521 
902 |a https://opac.biblio.iteso.mx/vufind/Record/000497671